| 000 | 00389nam a2200157Ia 4500 | ||
|---|---|---|---|
| 008 | 230312s9999||||xx |||||||||||||| ||und|| | ||
| 020 | _a81-317-1887-2 | ||
| 082 |
_a629.8312 _bDOR-M |
||
| 100 | _aDorf;Richard.C | ||
| 245 | 0 | _aModern Control Systems | |
| 260 |
_bPearsons _aIndia _c2012 |
||
| 300 | _a1018 | ||
| 546 | _aEng. | ||
| 650 |
_aEngineering _vModern Control Systems |
||
| 942 | _cBK | ||
| 999 |
_c7669 _d7669 |
||